Statistiche per Batti il ​​Partito Coloniale Brasiliano indovinando gli Stati

Clicka qui per fare il quiz!

Statistiche generali

  • Questo quiz è stato fatto 97 volte
  • Il punteggio medio è 28 su 203

Risposte nella Mappa

Le risposte nella mappa del quiz sottostante sono codificate secondo una scala di colori dal rosso al verde in base alla % di persone che hanno risposto correttamente.
 

Statistiche sulle risposte

Popolazione (relativa) in milioniStato% Corretto
17Rio de Janeiro
73%
46San Paolo
55%
46San Paolo
33%
3Mato Grosso
24%
4Amazonas
22%
3Mato Grosso
22%
14Bahia
18%
14Bahia
16%
21Minas Gerais
12%
8Pará
12%
21Minas Gerais
10%
11Paraná
10%
11Rio Grande do Sul
10%
7Santa Catarina
8%
1Acre
6%
7Goiás
6%
2Mato Grosso do Sul
6%
9Pernambuco
6%
1Tocantins
6%
1Amapá
4%
9Ceará
4%
3Distretto Federale
4%
1Roraima
4%
2Sergipe
4%
3Distretto Federale
2%
4Espírito Santo
2%
3Piauí
2%
17Rio de Janeiro
2%
3Rio Grande do Norte
2%
1Rondônia
2%
3 | 4Alagoas
0%
7Maranhão
0%
4Paraíba
0%

Distribuzione punteggi

Percentile per numero di risposta

Percentuale di utenti per punteggio

I tuoi punteggi nel tempo

Non hai fatto questo quiz